Sudden Death: Flags with YELLOW - Statistics

General Stats
  • This quiz has been taken 124 times
  • The average score is 8 of 12
Answers on the Grid
Answers color-coded by a green-red scale on the quiz's grid according to % correct below.
North Macedonia
Japan
Belgium
Ivory Coast
Benin
Cameroon
Costa Rica
Ethiopia
Norway
China
Brunei
Peru
Grenada
Panama
Indonesia
Jamaica
Nepal
Bulgaria
Venezuela
Malaysia
Finland
Gambia
Lithuania
Nigeria
 
Answer Stats
Answer % Correct
Belgium
86%
North Macedonia
82%
China
74%
Jamaica
64%
Lithuania
64%
Venezuela
62%
Cameroon
61%
Brunei
58%
Ethiopia
56%
Benin
49%
Grenada
49%
Malaysia
45%
No matching quizzes found
Score Distribution
Percent of People with Each Score
Percentile by Number Answered
Your Score History
You have not taken this quiz